Statistics for modern day countries that the Qing Dynasty had territories in

Click here to take the quiz!

General Stats

  • This quiz has been taken 29 times
  • The average score is 8 of 9

Answer Stats

HintAnswer% Correct
100%China
100%
100%Mongolia
100%
5%India
96%
6%Russia
96%
15%Kazakhstan
88%
100%Kyrgyzstan
88%
7%Pakistan
88%
51%Tajikistan
88%
100%Taiwan
63%

Score Distribution

Percentile by Number Answered

Percent of People with Each Score

Your Score History

You have not taken this quiz